The fundamental principles of old and new world civilizations (Record no. 4908)

MARC details
000 -CABECERA
campo de control de longitud fija 00978nam a2200265 a 4500
001 - NÚMERO DE CONTROL
campo de control BRCA_5214
005 - FECHA Y HORA DE LA ÚLTIMA TRANSACCIÓN
campo de control 20190320205003.0
008 - DATOS DE LONGITUD FIJA--INFORMACIÓN GENERAL
campo de control de longitud fija 261110s1901----u--a######---#000-0#eng-#
041 ## - CÓDIGO DE LENGUA
Código de lengua del texto/banda sonora o título independiente eng
044 ## - CÓDIGO DEL PAÍS DE LA ENTIDAD EDITORA/PRODUCTORA
Código MARC del país u
050 #4 - SIGNATURA TOPOGRÁFICA DE LA BIBLIOTECA DEL CONGRESO
Número de clasificación F1219
Número de documento/Ítem .N88 1901
100 1# - ENTRADA PRINCIPAL--NOMBRE DE PERSONA
Nombre de persona Nutall, Zelia
9 (RLIN) 13350
245 10 - MENCIÓN DE TÍTULO
Título The fundamental principles of old and new world civilizations
Resto del título a comparative research based on a study of the ancient mexican religious, sociological and calendarical systems
Mención de responsabilidad, etc. by Zelia Nuttall.
260 ## - PUBLICACIÓN, DISTRIBUCIÓN, ETC.
Lugar de publicación, distribución, etc. Cambridge, Massachussets
Nombre del editor, distribuidor, etc. Peabody Museum of American Archaeology and Ethnology
Fecha de publicación, distribución, etc. 1901
300 ## - DESCRIPCIÓN FÍSICA
Extensión 602 p.
Otras características físicas il.
Dimensiones 24 cm.
440 #0 - MENCIÓN DE SERIE/PUNTO DE ACCESO ADICIONAL--TÍTULO
Título Archaeological Ethnological papers of the Peabody Museum
Designación de volumen o secuencia 2
9 (RLIN) 13351
500 ## - NOTA GENERAL
Nota general Incluye índice analítico y apéndices
500 ## - NOTA GENERAL
Nota general E49
650 14 - PUNTO DE ACCESO ADICIONAL DE MATERIA--TÉRMINO DE MATERIA
Término de materia o nombre geográfico como elemento de entrada Mayas
Subdivisión general Antigüedades
9 (RLIN) 9555
650 14 - PUNTO DE ACCESO ADICIONAL DE MATERIA--TÉRMINO DE MATERIA
Término de materia o nombre geográfico como elemento de entrada Calendario mexicano
9 (RLIN) 8542
650 14 - PUNTO DE ACCESO ADICIONAL DE MATERIA--TÉRMINO DE MATERIA
Término de materia o nombre geográfico como elemento de entrada Civilización
Subdivisión general Historia
9 (RLIN) 9808
650 14 - PUNTO DE ACCESO ADICIONAL DE MATERIA--TÉRMINO DE MATERIA
Término de materia o nombre geográfico como elemento de entrada Mitología
9 (RLIN) 9838
902 ## - CATALOGADOR
Iniciales GFM
942 ## - ELEMENTOS DE PUNTO DE ACCESO ADICIONAL (KOHA)
Fuente del sistema de clasificación o colocación Library of Congress Classification
Tipo de ítem Koha Libros
Holdings
Estado de retiro Estado de pérdida Estado dañado No para préstamo Localización permanente Ubicación/localización actual Fecha de adquisición Número de inventario Total de préstamos Signatura topográfica completa Código de barras Fecha visto por última vez Precio válido a partir de Tipo de ítem Koha
El ejemplar forma parte de la colección y puede ser consultado según las políticas vigentes.       Biblioteca del Museo Franz Mayer (Rogerio Casas-Alatriste) Biblioteca del Museo Franz Mayer (Rogerio Casas-Alatriste) 26/11/2010 E49   F1219 .N88 1901 (E49) 5649 22/03/2019 22/03/2019 Libros